00574nam a22001697a 450000500170000001000150001702000260003203500140005803700130007208200110008510000250009624501010012126000450022227000640026730000230033150000500035420200220105028.0 aENG-127902 c845.00a9780199489640 aEN-111434 bDBAD/PUB a336.54 aZorawar Daulet Singh a Power and diplomacy : cZorawar Daulet SinghbIndia's foreign policies during the Cold War/ aNew Delhic2019bOxford University Press a2/11 Ground Floor,Ansari Road,Dariyaganje110002bNew Delhi axiii;398p.b22(hb) aincludes bibliographical references and index